| 000 | 00635nam a2200253 a 4500 | ||
|---|---|---|---|
| 003 | AR-BaBNM | ||
| 005 | 20251128210553.0 | ||
| 008 | 082120s2002 ||||||||||||||000 | spa|| | ||
| 020 | _a0-582-27830-9 | ||
| 040 | _cAR-BaBNM | ||
| 100 | 1 | _aHopkins, Andy | |
| 245 | 0 | 0 |
_aWork in progress _bcourse book |
| 250 | _a1st ed. | ||
| 260 |
_aEdinburgh _bLongman _c1998 |
||
| 300 |
_a144 p. _btablas, il., gráfs. |
||
| 650 | 4 | _aENSEÑANZA DE IDIOMAS | |
| 650 | 4 | _aINGLES | |
| 650 | 4 | _aACTIVIDADES DE APRENDIZAJE | |
| 650 | 4 | _aLIBROS DE TEXTO | |
| 650 | 4 | _aGRAMATICA | |
| 700 | 1 | _aPotter, Jocelyn | |
| 942 | _cBK | ||
| 998 | _cRAQUEL | ||
| 999 |
_c15990 _d15990 |
||